000 004650000a22001570004500
041 0 _aSPA
082 0 4 _aG 262.9 A9399p
245 1 0 _aPuebla y oaxtepec : Una critica protestante y católica / José Míguez Bonino...[et. al.]
260 _aMéxico D.F, México., : Casa Unida de Publicaciones
300 _a133 Pag
001 7136
942 _cBK
999 _c37362
_d37362
336 _atexto
_btxt
_2rdacontent
337 _2rdamedia
_asin mediación
_bn
338 _2rdacarrier
_avolumen
_bnc